000 00201nam a22000977a 4500
082 _a823
100 _aMARINA ANDRADE
245 _aTHE MAGIC BAG AND OTHER STORIES
650 _aENGLISH STORY
942 _cBK
999 _c8491
_d8491